header

Comanejo de recursos naturales (Record no. 96014)

MARC details
000 -LEADER
fixed length control field 01833nam a2200385Ia 4500
082 04 - DEWEY DECIMAL CLASSIFICATION NUMBER
Classification number 333.7
100 1# - MAIN ENTRY--AUTHOR NAME
Personal name Tyler, Stephen R.
245 10 - TITLE STATEMENT
Title Comanejo de recursos naturales
260 ## - PUBLICATION, DISTRIBUTION, ETC. (IMPRINT)
Place of publication Ottawa [Ont.] :
Name of publisher Centro Internacional de Investigaciones para el Desarrollo,
Year of publication c2006.
300 ## - PHYSICAL DESCRIPTION
Number of Pages xiv, 97 p.
490 1# - SERIES STATEMENT
Series statement En foco
500 ## - GENERAL NOTE
General note Translation of: Comanagement of natural resources: local learning for poverty reduction.
650 #0 - SUBJECT ADDED ENTRY--TOPICAL TERM
Topical Term Natural resources
Topical Term Conservation of natural resources
Topical Term Conflict management
Topical Term Sustainable development
Topical Term Rural development
856 40 - ELECTRONIC LOCATION AND ACCESS
Uniform Resource Identifier http://site.ebrary.com/lib/rucke/Doc?id=10153098

No items available.

© 2026 Rongo University
Contact us: librarian | system librarian | Rongo university